000 01027pam a2200289 a 4500
999 _c41816
_d41816
001 635785
003 OSt
005 20221114161708.0
008 930930s1994 nju b 001 0 eng
010 _a 93033698
020 _a9788177587654
020 _a0131615300
040 _aDLC
_cDLC
_dDLC
050 0 0 _aT385
_b.H38 1994
082 0 0 _a006.6
_220
_bHEA/C
100 1 _aHearn, Donald
_99306
245 1 0 _aComputer graphics /
_cDonald Hearn, M. Pauline Baker.
250 _a2nd ed.
260 _aEnglewood Cliffs, N.J. :
_bPrentice-Hall,
_cc1994.
300 _axix, 652 p. :
_bill. (some col.) ;
_c27 cm.
504 _aIncludes bibliographical references (p. 626-637) and indexes.
650 0 _aComputer graphics.
700 1 _aBaker, M. Pauline.
906 _a7
_bcbc
_corignew
_d1
_eocip
_f19
_gy-gencatlg
942 _2ddc
_cBK
_h006.6
_iHEA/C
_k006.6
_mHEA/C